000 00631cam a2200205u 4500
001 000010766
005 20250626131116.0
008 830909s1971 sp a 000 0 spa
010 _a74326621
040 _aDO-SdBNP
_cCarP
_dDLC
082 _a519.5
_bG973i
100 1 _aGullon, A. [from old catalog]
_925983
245 1 0 _aIntroducción a la estadística aplicada. /
_cA. Gullon.
260 _aMadrid :
_bAlhambra,
_c1971.
300 _axi, 219 p. :
_billus. ;
_c25 cm.
650 0 _aEstadística matemática
_920984
650 4 _aMatemáticas para ingenieros
_921064
910 _aCatalogación por copia / LC
049 _aBNGR
999 _c10520
_d10520